000 00337nam a2200145Ia 4500
008 210210b1953 xxu||||| |||| 00| 0 eng d
041 _aeng
082 _a828/147
100 _aCHAMBERS (Whittaker)
245 _aWitness
260 _aLondon
_bAndre Deutsch Ltd.,
_c1953
650 _aWitness
690 _aBiography
906 _a015992
999 _c135382
_d135382